000 00507nam a2200181Ia 4500
003 GCL
008 140319s9999 xx 000 0 eng d
040 _aGCL /
_cGCL
082 0 4 _a759.438
_bD P
100 1 _aDOBROWOLSKI, TADEWZ
245 1 0 _aPOLISH PAINTING FROM THE ENLIGHTMENT TO RECENT TIMES /
_cDOBROWOLSKI, TADEWZ
260 _a[S.N] :
_bWROCLAW ،
_c1981
650 0 4 _aPAINTING
650 0 4 _aPOLISH - PAINTING
650 0 4 _aPOLISH - ARTISTS
650 0 4 _aENLIGHTENMENT PERIOD
942 _2ddc
_cBK
999 _c15226
_d15226